| 000 | 02097cam a2200385 a 4500 | ||
|---|---|---|---|
| 001 | 5907 | ||
| 003 | FISKH | ||
| 005 | 20250327093216.0 | ||
| 008 | 070526s2007 moua 000 1 eng d | ||
| 010 | _a 2007297452 | ||
| 015 |
_aGBA728589 _2bnb |
||
| 016 | 7 |
_a013715684 _2Uk |
|
| 020 | _a9780740763731 (hbk.) | ||
| 020 | _a0740763733 (hbk.) | ||
| 020 | _a9780545279383 | ||
| 035 | _a(OCoLC)ocn123374798 | ||
| 040 |
_aUKM _cUKM _dBAKER _dDLC _beng |
||
| 050 | _aPR6063.O665 P54 | ||
| 082 | _a823.92 | ||
| 100 | 1 |
_aMonkton, Edward. _d(1966-) |
|
| 245 | 1 | 4 |
_aThe pig of happiness / _cEdward Monkton. |
| 250 | _aThis edition first published in 2007. | ||
| 260 |
_aKansas : _bScholastic, _c2007. |
||
| 300 |
_a27 unnumbered pages : _bcolor illustrations ; _c21 cm. |
||
| 505 | _aG | ||
| 520 | _aI knew Edward Monkton was going to be a success when people started e-mailing me daily saying that it touched their hearts, it made them think, and most important, it made them laugh out loud-again and again." --Giles Andreae * In the tradition of Jonathan Livingston Seagull comes The Pig of Happiness-a philosophizing porcine fellow with a penchant for spreading good cheer. Edward Monkton's philosophical piglet aspires to elevate the spirit and become the Pig of Happiness. His happiness is so big it seeps from inside him to all the other pigs and then to all the other animals in the barnyard. * Monkton, perhaps better known as the U.K.'s top-selling living poet Giles Andreae, pairs a fresh illustrative style with simple yet profound prose to create this modern-day parable. * Monkton's greeting cards and book titles have been a big hit in the U.K. His gift books are presented to the U.S. market by Andrews McMeel exclusively, while a complementary card line from Sunrise will be introduced in the summer of 2007 | ||
| 521 | 8 |
_a340
_bLexile |
|
| 521 | 8 |
_aG
_bRaz-Plus |
|
| 650 | 0 |
_aHappiness _vFiction. |
|
| 650 | 0 |
_aFarm animals _vHumor |
|
| 655 | 7 |
_aAllegories. _2gsafd |
|
| 906 |
_a7 _bcbc _ccopycat _d2 _encip _f20 _gy-gencatlg |
||
| 942 |
_2ddc _cBK _n0 |
||
| 999 |
_c5907 _d5907 |
||